000 00511 a2200217 4500
260 _aOxford
630 _a30 - Sciences sociales en general
650 _a3 - SCIENCES SOCIALES
100 _aRattray, Capt. R. S.
260 _bClarendon Press
300 _a414 p.
245 _aReligion and art in Ashanti
650 _aCivilisation ashanti
650 _aPratiques religieuses
650 _aSociologie de l'art
260 _c1969
300 _b22 cm
100 _lEn
999 _c33955
_d33955